000 00314nam a2200133Ia 4500
008 190216s9999||||xx |||||||||||||| ||und||
100 _aGupta. Vk And Varshneya. Yp
245 0 _aIntroduction To Gymnosperms
250 _a1st Ed.
260 _bKedernath Ramnath
300 _a223
650 _aBotany
942 _cBK
999 _c1319
_d1319